Tilastot visalle Sanat - "Veteraanin iltahuuto"

Klikkaa tästä pelataksesi tätä visaa!

Yleistilastot

  • Tätä visaa on pelattu 93 kertaa
  • Keskiarvotulos 106 / 146

Vastaustilastot

Vastaus% Oikein
on
97%
92%
kertokaa
90%
lapsille
90%
maa
90%
muista
90%
poissa
90%
veljet
90%
ei
87%
kohta
87%
koskaan
87%
lasten
87%
himmetä
85%
kallis
85%
lahden
85%
muistot
85%
saa
85%
lauluin
82%
heille
79%
himmeän
79%
muistakaa
79%
Rannalle
79%
aurinko
74%
Hoivatkaa
74%
jo
74%
laskenut
74%
soi
74%
iltahuudon
72%
ol
72%
silloin
72%
kutsu
69%
laskettu
69%
ja
67%
taakka
67%
taattoa
67%
nyt
64%
askel
62%
me
62%
uupunut
62%
Äänisen
59%
löi
56%
sen
56%
taivas
56%
tulta
56%
vahti
56%
voi
56%
hiljaa
54%
holvissa
54%
Hymni
54%
kahden
54%
kelle
54%
kertoa
54%
lapset
54%
marssimme
54%
rantoja
54%
teidän
54%
vuoronne
54%
kaipuuta
51%
koi
51%
Laatokan
51%
rannoilta
51%
viljaa
51%
aika
49%
koittava
49%
korjannut
49%
lastemme
49%
maa-äiti
49%
sulkee
49%
suojaansa
49%
tummana
49%
heimo
46%
kahlita
46%
Karjalan
46%
kenkään
46%
konsa
46%
kynnetty
46%
Laineissa
46%
mahti
46%
sarka
46%
vartija
46%
ylväänä
46%
ammoin
44%
kantanut
44%
tuskaansa
33%

Tulosjakauma

Persentiili vastausten määrän mukaan

Jokaisen tuloksen saaneiden osuus

Tuloshistoriasi

Et ole pelannut tätä visaa